International Intra-Industry Competitiveness Anatomized

Gespeichert in:
Bibliographische Detailangaben
1. Verfasser: Menzler-Hokkanen, Ingeborg
Format: Buch
Sprache:Englisch
Veröffentlicht: Helsinki School of Economics 1989
Ausgabe:1. ed.
Tags: Tag hinzufügen
Keine Tags, Fügen Sie das erste Tag hinzu!

MARC

LEADER 00000nam a2200000 4500
001 c036500
005 20221215114013.2
041 0 |a eng 
044 |a FI 
245 1 0 |a International Intra-Industry Competitiveness Anatomized  |c Ingeborg Menzler-Hokkanen 
250 |a 1. ed. 
264 1 |a Helsinki  |b School of Economics  |c 1989 
300 |a 130 s. 
100 1 |a Menzler-Hokkanen, Ingeborg